El juego de las formas

Saved in:
Bibliografiske detaljer
Hovedforfatter: Browne, Anthony (autor)
Format: Bog
Sprog:spansk
Udgivet: Ciudad de México Fondo de Cultura Económica 2004
Udgivelse:1a. ed
Serier:A la Orilla del Viento
Fag:
Tags: Tilføj Tag
Ingen Tags, Vær først til at tagge denne postø!

MARC

LEADER 00000nam a2200000 a 4500
001 UCG4932
003 CL-VaPUC
005 20250407150345.0
008 101216e20040000MX |||||||||||||||||spa|d
999 |c 343532  |d 343530 
020 |a 9681671848 
040 |c Pontificia Universidad Católica de Valparaíso 
082 0 4 |a 808.0683  |b BRO  |2 21 
100 |a Browne, Anthony  |e autor  |9 554430 
245 1 3 |a El juego de las formas 
250 |a 1a. ed 
260 |a Ciudad de México  |b Fondo de Cultura Económica  |c 2004 
300 |a 32 p 
490 0 |a A la Orilla del Viento 
583 |a last modification  |c 20101216 00:00:00  |k Rodrigo Vera 
650 0 |a Literatura infantil   |9 307465  |x Cuentos 
942 |c BK  |2 ddc 
945 |d 20101216 00:00:00  |a cmena 
952 |0 0  |1 0  |4 0  |6 808_068300000000000_BRO_2004  |7 0  |8 A  |9 440872  |a BIBEDU  |b BIBEDU  |d 2019-11-22  |i 4743288  |l 1  |o 808.0683 BRO 2004  |p 4743288  |r 2023-03-30  |s 2023-03-23  |w 2019-11-22  |y BK  |k EPE